000 00566nam a2200205Ia 4500
005 20250508160401.0
008 008 250505s9999 xx 000 0 eng d
037 _aTextual
040 _aFEDL
_beng
_cFEDL
041 _aeng
_2eng
084 _a540, FOW
_qFEDL
100 _aFowles George Ed.
_9768374
245 0 _aChemistry, Part 2
260 _aLondon, UK
_bJohn Murray
_c1964
300 _axi,380p
490 _aScience masters' book series; 4
700 _a Holt Charles Ed.
_9768375
942 _cTEXL
_h540, FOW
999 _c1364259
_d1364259